000 00782cpcaa2200241 4500
001 mm 83004384
003 DLC
005 20260227111719.0
008 830512|||||||||||| eng
010 _amm 83004384
040 _aDLC
_cDLC
_edacs
_dDLC
072 7 _aW
_2lcmd
100 1 _aBright, George S.
245 0 0 _aGeorge S. Bright commissions,
_f1857-1864.
300 _a5
_fitems.
506 0 _aOpen to research.
545 0 _aEngineer and naval officer.
546 _aCollection material in English.
580 _aForms part of: Miscellaneous Manuscripts collection.
656 7 _aEngineers.
_2itoamc
656 7 _aNaval officers.
_2itoamc
999 _c43912
_d43912